000 00247nam a22001217a 4500
008 180925b xxu||||| |||| 00| 0 eng d
041 _aeng
080 _a330
100 _a61
101 _aKON
245 _aAccounting
_cSwanson
942 _2udc
_cBK
999 _c48434
_d48434